| 000 | 02060nam0a2200409 i 4500 | ||
|---|---|---|---|
| 001 | RU\NLR\BIBL_A\010740408 | ||
| 005 | 20241109124820.0 | ||
| 010 |
_a9785994005118 _9300 |
||
| 021 |
_aRU _b2015-18727 _91116 |
||
| 035 | _a(NILC)RuMoRGB-007890736 | ||
| 035 | _a(NLR Aleph) 010740408 | ||
| 090 |
_a9900543 _c9900543 |
||
| 100 | _a20150427d2014 km y0rusy50 ca | ||
| 101 | 0 |
_arus _deng |
|
| 102 | _aRU | ||
| 105 | _aa|||z||||01yy | ||
| 200 | 1 |
_aРазвивающиеся страны в современной мировой финансовой системе: роль суверенных инвестиционных фондов _dEmerging markets in global financial system: the role of sovereign wealth funds _e[научный доклад] _fД. И. Кондратов _zeng |
|
| 210 |
_aМосква _cИн-т экономики РАН _d2014 |
||
| 215 |
_a48, [2] с. _cил. _d25 |
||
| 225 | 2 |
_aНаучные доклады Института экономики РАН _fФедеральное гос. бюджетное учреждение науки Ин-т экономики Российской акад. наук |
|
| 300 | _aАвт. также на англ . яз.: Kondratov D. I. | ||
| 300 | _aВ конце кн. авт.: Д. И. Кондратов, к. э. н. | ||
| 300 | _aРез. на англ. яз. | ||
| 320 | _aБиблиогр. : с. 47-49 | ||
| 510 | 1 |
_6z11790 _aEmerging markets in global financial system: the role of sovereign wealth funds _zeng |
|
| 606 | 1 |
_aМеждународная финансовая система _92131223 _3RU\NLR\AUTH\661285721 |
|
| 606 |
_aФонды инвестиционные _91603454 _3RU\NLR\AUTH\661004322 |
||
| 686 | 1 | _aУ26(2)26-18 | |
| 686 | 1 | _aУ9(2)-56(2Р) | |
| 686 | 1 | _aУ26(2)229.5 | |
| 700 | 1 |
_aКондратов _bД. И. _f1984- _gДмитрий Игоревич |
|
| 790 | 1 |
_6z11510 _aKondratov _bD. I. _gDmitrij Igorevic |
|
| 801 | 0 |
_aRU _bРГБ _c20150318 _gRCR |
|
| 942 | _cBOOK | ||
| 980 | _aNBR | ||